000 00292nam a22001217a 4500
008 180601b xxu||||| |||| 00| 0 eng d
041 _aeng
080 _a043.3
100 _a0
101 _aSHKI-BTH
245 _aDallimi mes C# dhe Java në procesimin paralel
_cStatovci,D
942 _2udc
_cBK
999 _c46251
_d46251